| 000 | 00361nam a2200157Ia 4500 | ||
|---|---|---|---|
| 008 | 230312s9999||||xx |||||||||||||| ||und|| | ||
| 020 | _a0-13-031965-1 | ||
| 082 |
_a658 _bROB-M |
||
| 100 | _aRobbins;Stephen | ||
| 245 | 0 | _aManagement | |
| 260 |
_bPrentice,Hall _aUK _c2002 |
||
| 300 | _a674 | ||
| 546 | _aEng. | ||
| 650 |
_aManagement _vManagement |
||
| 942 | _cBK | ||
| 999 |
_c9316 _d9316 |
||